<?xml version="1.0" encoding="UTF-8"?>
<record
    xmlns:xsi="http://www.w3.org/2001/XMLSchema-instance"
    xsi:schemaLocation="http://www.loc.gov/MARC21/slim http://www.loc.gov/standards/marcxml/schema/MARC21slim.xsd"
    xmlns="http://www.loc.gov/MARC21/slim">

  <leader>00364nam a22001577a 4500</leader>
  <controlfield tag="008">231204b        |||||||| |||| 00| 0 eng d</controlfield>
  <datafield tag="020" ind1=" " ind2=" ">
    <subfield code="a">9781543344561</subfield>
  </datafield>
  <datafield tag="040" ind1=" " ind2=" ">
    <subfield code="a">02</subfield>
  </datafield>
  <datafield tag="082" ind1=" " ind2=" ">
    <subfield code="a">615.69(PAT)</subfield>
  </datafield>
  <datafield tag="100" ind1=" " ind2=" ">
    <subfield code="a">PATIL,P.P.</subfield>
  </datafield>
  <datafield tag="245" ind1=" " ind2=" ">
    <subfield code="a">A TEXT BOOK OF DRUG DELIVERY SYSTEM</subfield>
  </datafield>
  <datafield tag="250" ind1=" " ind2=" ">
    <subfield code="a">2ND</subfield>
  </datafield>
  <datafield tag="260" ind1=" " ind2=" ">
    <subfield code="a">JALANDHER</subfield>
    <subfield code="b">PEE VEE</subfield>
    <subfield code="c">2023</subfield>
  </datafield>
  <datafield tag="300" ind1=" " ind2=" ">
    <subfield code="a">246</subfield>
  </datafield>
  <datafield tag="942" ind1=" " ind2=" ">
    <subfield code="c">02</subfield>
  </datafield>
  <datafield tag="999" ind1=" " ind2=" ">
    <subfield code="c">57766</subfield>
    <subfield code="d">57766</subfield>
  </datafield>
  <datafield tag="952" ind1=" " ind2=" ">
    <subfield code="0">0</subfield>
    <subfield code="1">0</subfield>
    <subfield code="2">ddc</subfield>
    <subfield code="4">0</subfield>
    <subfield code="6">615_000000000000000_69PAT</subfield>
    <subfield code="7">0</subfield>
    <subfield code="9">525213</subfield>
    <subfield code="a">02</subfield>
    <subfield code="b">02</subfield>
    <subfield code="d">2023-12-04</subfield>
    <subfield code="e">KIRTI</subfield>
    <subfield code="g">395.00</subfield>
    <subfield code="l">1</subfield>
    <subfield code="o">615.69(PAT)</subfield>
    <subfield code="p">02-B-13845</subfield>
    <subfield code="r">2024-02-02</subfield>
    <subfield code="s">2024-01-18</subfield>
    <subfield code="w">2023-12-04</subfield>
    <subfield code="y">02</subfield>
  </datafield>
  <datafield tag="952" ind1=" " ind2=" ">
    <subfield code="0">0</subfield>
    <subfield code="1">0</subfield>
    <subfield code="2">ddc</subfield>
    <subfield code="4">0</subfield>
    <subfield code="6">615_000000000000000_69PAT</subfield>
    <subfield code="7">0</subfield>
    <subfield code="9">525214</subfield>
    <subfield code="a">02</subfield>
    <subfield code="b">02</subfield>
    <subfield code="d">2023-12-04</subfield>
    <subfield code="e">KIRTI</subfield>
    <subfield code="g">395.00</subfield>
    <subfield code="l">2</subfield>
    <subfield code="o">615.69(PAT)</subfield>
    <subfield code="p">02-B-13846</subfield>
    <subfield code="r">2025-01-31</subfield>
    <subfield code="s">2024-12-18</subfield>
    <subfield code="w">2023-12-04</subfield>
    <subfield code="y">02</subfield>
  </datafield>
  <datafield tag="952" ind1=" " ind2=" ">
    <subfield code="0">0</subfield>
    <subfield code="1">0</subfield>
    <subfield code="2">ddc</subfield>
    <subfield code="4">0</subfield>
    <subfield code="6">615_000000000000000_69PAT</subfield>
    <subfield code="7">0</subfield>
    <subfield code="9">525215</subfield>
    <subfield code="a">02</subfield>
    <subfield code="b">02</subfield>
    <subfield code="d">2023-12-04</subfield>
    <subfield code="e">KIRTI</subfield>
    <subfield code="g">395.00</subfield>
    <subfield code="l">3</subfield>
    <subfield code="o">615.69(PAT)</subfield>
    <subfield code="p">02-B-13847</subfield>
    <subfield code="q">2026-01-31</subfield>
    <subfield code="r">2025-10-30</subfield>
    <subfield code="s">2025-10-30</subfield>
    <subfield code="w">2023-12-04</subfield>
    <subfield code="y">02</subfield>
  </datafield>
  <datafield tag="952" ind1=" " ind2=" ">
    <subfield code="0">0</subfield>
    <subfield code="1">0</subfield>
    <subfield code="2">ddc</subfield>
    <subfield code="4">0</subfield>
    <subfield code="6">615_000000000000000_69PAT</subfield>
    <subfield code="7">0</subfield>
    <subfield code="9">525216</subfield>
    <subfield code="a">02</subfield>
    <subfield code="b">02</subfield>
    <subfield code="d">2023-12-04</subfield>
    <subfield code="e">KIRTI</subfield>
    <subfield code="g">395.00</subfield>
    <subfield code="l">2</subfield>
    <subfield code="o">615.69(PAT)</subfield>
    <subfield code="p">02-B-13848</subfield>
    <subfield code="r">2024-01-30</subfield>
    <subfield code="s">2024-01-06</subfield>
    <subfield code="w">2023-12-04</subfield>
    <subfield code="y">02</subfield>
  </datafield>
  <datafield tag="952" ind1=" " ind2=" ">
    <subfield code="0">0</subfield>
    <subfield code="1">0</subfield>
    <subfield code="2">ddc</subfield>
    <subfield code="4">0</subfield>
    <subfield code="6">615_000000000000000_69PAT</subfield>
    <subfield code="7">0</subfield>
    <subfield code="9">525217</subfield>
    <subfield code="a">02</subfield>
    <subfield code="b">02</subfield>
    <subfield code="d">2023-12-04</subfield>
    <subfield code="e">KIRTI</subfield>
    <subfield code="g">395.00</subfield>
    <subfield code="l">1</subfield>
    <subfield code="o">615.69(PAT)</subfield>
    <subfield code="p">02-B-13849</subfield>
    <subfield code="r">2024-02-02</subfield>
    <subfield code="s">2023-12-18</subfield>
    <subfield code="w">2023-12-04</subfield>
    <subfield code="y">02</subfield>
  </datafield>
</record>
